Famous Feet Quiz Stats

Quiz Updated Feb 16, 2015

Also try: Famous Smiles
Challenge
Share
Tweet
Score 0/25 Timer 04:00
1 Play Today
Number Character % Correct
Mickey Mouse
98.5%
Pink Panther
97.9%
The Incredible Hulk (Dr. Bruce Banner)
96.7%
Bugs Bunny
96.6%
Spider-Man (Peter Parker)
96.1%
Garfield
95.2%
Scooby Doo
94.9%
Daffy Duck
93.9%
Buzz Lightyear
93.2%
Charlie Brown
92.2%
R2-D2
90.8%
Dorothy Gale
88.7%
Fred Flintstone
84.1%
Number Character % Correct
Yogi Bear
82.8%
SpongeBob SquarePants
77.4%
Michael Jackson
77.4%
Wall-E
76.2%
Kool-Aid Man
74.9%
Homer Simpson
67.1%
Forrest Gump
65.6%
Pikachu
60.1%
James P. 'Sulley' Sullivan
58.6%
Frodo Baggins
49.6%
Calvin
48.1%
Alice In Wonderland
44.3%

You're not logged in!

Compare scores with friends on all Sporcle quizzes.
Join for Free
OR
Log In

You Might Also Like...

Show Comments

Extras

Top Quizzes Today


Score Distribution

Your Account Isn't Verified!

In order to create a playlist on Sporcle, you need to verify the email address you used during registration. Go to your Sporcle Settings to finish the process.

Report this User

Report this user for behavior that violates our Community Guidelines.

Details: